Alveolus (manuscrito escurialense S-II-18) / (Record n. 34461)
[ formato base ]
| 000 -LEADER | |
|---|---|
| fixed length control field | 00912nam a2200229 i 4500 |
| 003 - CONTROL NUMBER IDENTIFIER | |
| control field | IT-RoINE |
| 005 - DATE AND TIME OF LATEST TRANSACTION | |
| control field | 20230112113111.0 |
| 008 - FIXED-LENGTH DATA ELEMENTS--GENERAL INFORMATION | |
| fixed length control field | 050224s1982 sp |||||r |000|||spa d |
| 020 ## - INTERNATIONAL STANDARD BOOK NUMBER | |
| International Standard Book Number | 8473921895 |
| 040 ## - CATALOGING SOURCE | |
| Original cataloging agency | UPSA |
| Transcribing agency | esslup IT-RoINE |
| Modifying agency | IT-RoINE |
| 100 1# - MAIN ENTRY--PERSONAL NAME | |
| Personal name | Agustín, Antonio, |
| Dates associated with a name | 1517-1586 |
| 9 (RLIN) | 67818 |
| 245 10 - TITLE STATEMENT | |
| Title | Alveolus (manuscrito escurialense S-II-18) / |
| Statement of responsibility, etc | Antonio Agustín ; introducción, preparación, notas y traducción de Cándido Flores Selles. |
| 260 ## - PUBLICATION, DISTRIBUTION, ETC. (IMPRINT) | |
| Place of publication, distribution, etc | Madrid : |
| Name of publisher, distributor, etc | Fundación Universitaria Española, |
| Date of publication, distribution, etc | 1982. |
| 300 ## - PHYSICAL DESCRIPTION | |
| Extent | 217 p. ; |
| Dimensions | 18 cm. |
| 490 00 - SERIES STATEMENT | |
| Series statement | Clásicos olvidados ; |
| Volume number/sequential designation | 6. |
| 500 ## - GENERAL NOTE | |
| General note | Incluye índices. |
| 610 20 - SUBJECT ADDED ENTRY--CORPORATE NAME | |
| Corporate name or jurisdiction name as entry element | Monasterio de El Escorial (San Lorenzo de El Escorial, España). |
| Subordinate unit | Biblioteca |
| Form subheading | Manuscrito. |
| Number of part/section/meeting | S-II-18 |
| 9 (RLIN) | 67819 |
| 650 #4 - SUBJECT ADDED ENTRY--TOPICAL TERM | |
| Topical term or geographic name as entry element | Teología |
| General subdivision | Historia |
| -- | Fuentes |
| 9 (RLIN) | 67820 |
| 700 1# - ADDED ENTRY--PERSONAL NAME | |
| Personal name | Flores Sellés, Cándido |
| 9 (RLIN) | 67821 |
| 830 #0 - SERIES ADDED ENTRY--UNIFORM TITLE | |
| 9 (RLIN) | 5960 |
| Uniform title | Clásicos olvidados ; |
| Volume number/sequential designation | 6 |
| 942 ## - ADDED ENTRY ELEMENTS (KOHA) | |
| Item type | Monografías |
| Withdrawn status | Lost status | Damaged status | Not for loan | Home library | Current library | Date acquired | Total Checkouts | Full call number | Barcode | Date last seen | Price effective from | Koha item type |
|---|---|---|---|---|---|---|---|---|---|---|---|---|
| Iglesia Nacional Española en Roma | Iglesia Nacional Española en Roma | 19/06/2020 | FUE.HIS.ECL 292 | 62243 | 19/06/2020 | 19/06/2020 | Monografías |